Statistics for Top 10 Cork Producers

Click here to take the quiz!

General Stats

  • This quiz has been taken 18 times
  • The average score is 7 of 10

Answer Stats

Amount ProducedAnswer% Correct
$121 millionFrance
94%
$52.7 millionItaly
94%
$1.3 billionPortugal
94%
$406.8 millionSpain
94%
$21.1 millionUSA
94%
$40.2 millionChina
88%
$33.7 millionGermany
65%
$26.7 millionChile
41%
$15.4 millionPoland
29%
$15.2 millionDenmark
18%

Score Distribution

Percentile by Number Answered

Percent of People with Each Score

Your Score History

You have not taken this quiz